000
00184 a2200097 4500
001
8023
100
_a
Beamish, J
245
_a
Burma drop
260
_a
_b
Elek
_c
090
_c
6430
_d
6430
942
_a
NUST-CAE
_c
M
_c
32968
999
_c
243096
_d
243096